000 00358 a2200145 4500
005 20250613103520.0
020 _a0-340-84957-6
082 _aLECT 658.8 JAY
100 _aDAVIES, E.
245 _aMarketing in a Week
260 _aLondon,
_bHodder & Houghton
_c2002.
300 _a80p.: ill.; figure, table.
_c21cm.
700 _aDAVIES, B.
942 _2ddc
_cBKS
999 _c3970
_d3970